|
|
|
|
| LEADER |
00000nam a2200000 a 4500 |
| 001 |
vtls011550524 |
| 003 |
SK-MaSNL |
| 005 |
20260426012647.0 |
| 007 |
co bg muuua |
| 008 |
160506s2015 xo | fs 100 0 slo |
| 015 |
|
|
|a SNBS2017
|
| 020 |
|
|
|a 9788055809649 (elektronická kniha)
|
| 040 |
|
|
|a SNK
|b slo
|c SNK
|e AACR2
|
| 041 |
0 |
|
|a slo
|b eng
|
| 044 |
|
|
|a xo
|c SK
|
| 072 |
|
7 |
|a 101
|x Filozofia
|2 konspekt
|
| 072 |
|
7 |
|a 316.7
|x Sociológia kultúry. Kultúrny život
|2 konspekt
|
| 072 |
|
7 |
|a 502
|x Životné prostredie a jeho ochrana
|2 konspekt
|
| 080 |
|
|
|a 101
|2 2011
|
| 080 |
|
|
|a 316.7
|2 2011
|
| 080 |
|
|
|a 502/504
|2 2011
|
| 080 |
|
|
|a 130.2
|2 2011
|
| 080 |
|
|
|a 316.72/.75
|2 2011
|
| 080 |
|
|
|a 111
|2 2011
|
| 080 |
|
|
|a (062.534)
|2 2011
|
| 080 |
|
|
|a (0.034.44)
|2 2011
|
| 111 |
2 |
|
|a Filozofia, kultúra, environment
|d (2015 :
|c Nitra, Slovensko)
|9 707789
|
| 245 |
1 |
0 |
|a Filozofia, kultúra, environment
|h elektronický zdroj
|b zborník príspevkov z vedeckého kolokvia
|c Dušan Špirko (ed.)
|
| 246 |
3 |
1 |
|a Philosophy, Culture, Environment
|b proceedings of the scientific colloquium
|
| 250 |
|
|
|a Vyd.: prvé
|
| 260 |
|
|
|a V Nitre
|b Univerzita Konštantína Filozofa, Filozofická fakulta
|c 2015
|
| 300 |
|
|
|a 1 elektronický optický disk (CD-ROM)
|c 12 cm
|
| 500 |
|
|
|a Názov z titulnej obrazovky
|
| 500 |
|
|
|a Nad názvom: Univerzita Konštantína Filozofa v Nitre, Filozofická fakulta, Katedra filozofie
|
| 504 |
|
|
|a Bibliogr. odkazy
|
| 516 |
|
|
|a Textový dokument (zborník), súbory vo formáte html, pdf a i.
|
| 536 |
|
|
|a Projekt VEGA č. 1/0460/15 "Filozofické fundamenty environmentálneho myslenia a jeho etické, politické, právne a spoločenské konzekvencie"
|
| 538 |
|
|
|a Technické požiadavky: internetový prehliadač, PDF prehliadač
|
| 546 |
|
|
|a Res. angl.
|
| 650 |
0 |
7 |
|a filozofia
|2 SNKPH
|9 793
|
| 650 |
0 |
7 |
|a kultúra
|2 SNKPH
|9 886
|
| 650 |
0 |
7 |
|a životné prostredie
|2 SNKPH
|9 786
|
| 650 |
0 |
7 |
|a filozofia kultúry
|2 SNKPH
|9 898
|
| 650 |
0 |
7 |
|a multikulturalizmus
|2 SNKPH
|9 4941
|
| 650 |
0 |
7 |
|a ontológia (filozofia)
|2 SNKPH
|9 143171
|
| 650 |
0 |
7 |
|a Philosophy
|2 SNKPHeng
|9 266492
|
| 650 |
0 |
7 |
|a Culture
|2 SNKPHeng
|9 265082
|
| 650 |
0 |
7 |
|a Environment
|2 SNKPHeng
|9 267078
|
| 650 |
0 |
7 |
|a Philosophy of culture
|2 SNKPHeng
|9 311744
|
| 650 |
0 |
7 |
|a Multiculturalism
|2 SNKPHeng
|9 266467
|
| 650 |
0 |
7 |
|a Ontology (Philosophy)
|2 SNKPHeng
|9 108353
|
| 655 |
|
7 |
|a elektronické zdroje
|2 SNKPH
|9 90954
|
| 655 |
|
7 |
|a CD-ROM
|2 SNKPH
|9 70236
|
| 655 |
|
7 |
|a zborníky konferencií
|2 SNKPH
|9 70153
|
| 655 |
|
7 |
|a Electronic resources
|2 SNKPHeng
|9 175546
|
| 655 |
|
7 |
|a Proceedings of conferences
|2 SNKPHeng
|9 265791
|
| 700 |
1 |
|
|a Špirko, Dušan
|4 edt
|9 12586
|
| 710 |
2 |
|
|a Univerzita Konštantína Filozofa v Nitre.
|b Filozofická fakulta.
|b Katedra filozofie
|9 180133
|
| 752 |
|
|
|a Slovensko
|d Nitra
|
| 919 |
|
|
|a 978-80-558-0964-9
|
| 958 |
|
|
|a NB
|
| 999 |
|
|
|c 1102413
|d 1104343
|
| 952 |
|
|
|a SNK
|b SNK
|y PREZ
|7 0
|p 17A1194496
|o snkSCDM 8493
|i snk2016/11693
|8 0
|0 0
|1 0
|4 0
|d 2016-05-06
|l 0
|r 2026-02-24 17:35:06
|w 2026-02-24
|
| 952 |
|
|
|t snkFIL 101:502.1
|a SNKMST
|b SNKMST
|y PREZ
|7 0
|p 17A1194497
|o snkSCDM 8493 D1
|i snk2016/11695
|8 0
|0 0
|1 0
|4 0
|d 2016-05-06
|l 0
|r 2025-08-12 00:00:00
|w 2026-02-24
|